Statistics for Currencies Quiz

Click here to take the quiz!

General Stats

  • This quiz has been taken 31 times
  • The average score is 13 of 33

Answer Stats

SymbolAnswer% Correct
$Dollar
100%
Euro
97%
¥ 円Yen
97%
£Pound
94%
₹ රු ૱ ௹ ꠸ RsRupee
77%
Ruble
74%
Peso
68%
Won
68%
Franc
61%
Lira
61%
฿Baht
55%
leiRon
45%
Dong
42%
¢Cent
39%
Shekel
39%
Rial
32%
Colon
19%
֏Dram
19%
Manat
19%
Som
19%
Tenge
19%
Lari
16%
Naira
16%
Riel
16%
؋Afghani
13%
Cedi
13%
ƒFlorin
13%
Hryvnia
13%
Kip
13%
Guarani
10%
元 圆 圓Renminbi
10%
Taka
10%
Togrog
10%

Score Distribution

Percentile by Number Answered

Percent of People with Each Score

Your Score History

You have not taken this quiz